Megújult a deszki kórház
Elmentve itt :
| Dokumentumtípus: | Cikk |
|---|---|
| Megjelent: |
2006-03-14
|
| Sorozat: | Délmagyarország
96 No. 62 |
| Kulcsszavak: | Deszk, Egészségügy kórház Deszk, Mellkasi Betegségek Szakkórháza (Deszk) |
| Online Access: | http://dmarchiv.bibl.u-szeged.hu/136023 |
| LEADER | 00463nab a2200145 i 4500 | ||
|---|---|---|---|
| 001 | delm136023 | ||
| 005 | 20191218100245.0 | ||
| 008 | 191218s2006 hu o 0|| hun d | ||
| 040 | |a SZTE Délmagyarország Archívum |b hun | ||
| 041 | |a hun | ||
| 245 | 0 | 0 | |a Megújult a deszki kórház |h [elektronikus dokumentum] |
| 260 | |c 2006-03-14 | ||
| 300 | |a 3 | ||
| 490 | 0 | |a Délmagyarország |v 96 No. 62 | |
| 695 | |a Deszk, Egészségügy kórház Deszk, Mellkasi Betegségek Szakkórháza (Deszk) | ||